• 首页
  • 本馆介绍
  • 公告通知
  • 最新文献
  • 馆藏检索
  • 电子资源
  • 读者导购
  • 参考咨询
  • 我的图书馆
  • 登录
  • 详细信息显示
  • 放入我的书架
  • 预约/预借图书
  • 作者相关作品
  • 分类相关作品
  • 丛书相关作品
  • 出版社相关作品

书目信息

  • 表格格式
  • 工作单格式
  • 卡片格式
题名:
电工电子技术
    
 
作者: 徐淑华 主编
分册:  
出版信息: 北京   电子工业出版社  2017.08
页数: 422页
开本: 26cm
丛书名:
单 册:
中图分类: TM , TN
科图分类:
主题词: 电工技术--高等学校--教材 , 电子技术--高等学校--教材
电子资源:
ISBN: 978-7-121-32032-3
000 00882nam0 2200265 450
001 1342
005 20180929081223.98
010    @a978-7-121-32032-3@dCNY55.00
100    @a20171018d2017 em y0chiy50 ea
101 0  @achi
102    @aCN@b110000
105    @aa z 000yy
200 1  @a电工电子技术@9dian gong dian zi ji shu@f徐淑华主编
205    @a4版
210    @a北京@c电子工业出版社@d2017.08
215    @a422页@c图@d26cm
300    @a“十二五”普通高等教育本科国家级规划教材 电子电气基础课程规划教材
330    @a本书分5个模块共18章,包括电路分析基础、模拟电子技术基础、数字电子技术基础、EDA技术、电机与电气控制技术,涵盖了电工电子技术的所有内容。
606 0  @a电工技术@x高等学校@j教材
606 0  @a电子技术@x高等学校@j教材
690    @aTM@v5
690    @aTN@v5
701  0 @a徐淑华@9xu shu hua@4主编
801  0 @aCN@b91MARC@c20171018
905    @aMuseLib@dTM@e103=4
    
    电工电子技术/徐淑华主编.-4版.-北京:电子工业出版社,2017.08
    422页:图;26cm
    “十二五”普通高等教育本科国家级规划教材 电子电气基础课程规划教材
    
    ISBN 978-7-121-32032-3:CNY55.00
    本书分5个模块共18章,包括电路分析基础、模拟电子技术基础、数字电子技术基础、EDA技术、电机与电气控制技术,涵盖了电工电子技术的所有内容。
●
相关链接 在E读中查询图书 在五车中查询图书 在当当中查询图书 在豆瓣中查询图书


正题名:电工电子技术     索取号:TM/103=4         预约/预借

序号 登录号 条形码 馆藏地/架位号 状态 备注
1 1122207   211222078   第二样本阅览室/ [索取号:TM/103=4] 在馆    
2 1122208   211222087   第三借阅区/ [索取号:TM/103=4] 在馆    
3 1122209   211222096   第三借阅区/ [索取号:TM/103=4] 在馆    
4 1122210   211222103   第三借阅区/ [索取号:TM/103=4] 在馆    
5 1122211   211222112   密集书库-物理学院/ [索取号:TM/103=4] 在馆    
唐山师范学院图书馆 欢迎您!
大连网信软件有限公司© 版权所有